Statistiques concernant Les personnages de Kingdom Hearts 358/2 days

Cliquez ici pour prendre le quiz!

Statistiques générales

  • Ce quiz a été pris 39 fois
  • Le résultat moyen est 39 sur 50

Statistiques - réponses

HintRéponse% Correct
Axel
100%
Belle
100%
Roxas
100%
Xion
100%
Château de la BêteBête
96%
Dingo
96%
Donald
96%
Ville d'HalloweenJack
96%
Kairi
96%
Château de DisneyMickey
96%
Riku
96%
Île du DestinSora
96%
IllusiopolisXemnas
96%
AgrabahAladdin
92%
Colysée de l'OlympeHercule
92%
Jasmine
92%
Larxene
92%
Marluxia
92%
Vexen
92%
Xigbar
92%
Demyx
88%
Lexaeus
88%
Zexion
88%
Pays ImaginaireCapitaine Crochet
85%
Philoctète
85%
Xaldin
85%
Lumière
81%
Reine de Cœur
81%
Sally
81%
Gram
77%
Stram
77%
Abu
73%
Luxord
73%
Big Ben
69%
Lapin Blanc
69%
Monsieur Mouche
69%
Zero
69%
Pays des MerveillesChat de Cheshire
65%
Hayner
65%
Arm
62%
Olette
62%
Pence
62%
Tapis
62%
DiZ
58%
Fée Clochette
58%
Cité du CrépusculeNaminé
58%
Finkelstein
42%
Pat
35%
Mog
31%
Poignée de Porte
27%

Distribution des résultats

Percentile par nombre de réponses

% des personnes avec chaque résultat

Votre développement - résultats

Vous n’avez pas pris ce quiz